000 00503nam a2200157 a 4500
001 000021726
005 20200930011427.0
008 100910s1991 dr a 000 0 spa d
040 _aDO-SdBNP
_bspa
_cBNPHU
082 _axxx
_bG216e
100 1 _aGarcía, Marciano
_943340
245 1 0 _aDel encuentro personal al encuentro con Cristo :
_b(el proceso de la oración) /
_cMarciano García.
260 _aSanto Domingo :
_bCarmelitana del Caribe,
_c1991.
300 _a67 p. :
_bil. ;
_c22 cm.
049 _aBNPD
999 _c21225
_d21225